000 03217nam0a2200397 i 4500
001 RU\NLR\BIBL_A\010785182
005 20260406051504.0
010 _a9785996110032
_9110
021 _aRU
_b15-36693
035 _a(NILC)RuMoRGB-007932992
035 _a(NLR Aleph) 010785182
090 _a10087396
_c10087396
100 _a20150618d2014 u y0rusy50 ca
101 0 _arus
102 _aRU
_aRU
105 _aa|||j|||000yy
200 1 _aТехнологическое обеспечение размерной точности обработки в производстве нефтегазового оборудования
_eучебное пособие
_e[для студентов оной и заочной формы обучения направления: 150700.62 - Машиностроение, профиль: - Машиностроительные технологии и оборудование; направления: 151000.68 - Технологические машины и оборудование]
_fН. Ф. Коленчин, Р.Ю. Некрасов, У.С. Путилова, Ю.И. Некрасов
_gМ-во образования и науки Российской Федерации, Федеральное гос. бюджетное образовательное учреждение высш. проф. образования "Тюменский гос. нефтегазовый ун-т"
210 _aТюмень
_cТюмГНГУ
_d2014
215 _a144 с.
_cил.
_d21
320 _aБиблиогр.: с. 143-144 (39 назв.)
606 1 _aРезание металлов
_jУчебные издания для высших учебных заведений
_xТочность
_92109836
_3RU\NLR\AUTH\661275188
606 1 _aРезание металлов
_jУчебные издания для высших учебных заведений
_xМатематическое моделирование
_92086873
_3RU\NLR\AUTH\661263019
606 _aГазовые промыслы
_jУчебные издания для высших учебных заведений
_xОборудование
_xПроизводство
_92246098
_3RU\NLR\AUTH\6601578510
606 _aНефтяные промыслы
_jУчебные издания для высших учебных заведений
_xОборудование
_xПроизводство
_91726728
_3RU\NLR\AUTH\66771223
610 0 _aнефтегазовое машиностроение
686 1 _aК63-1я73-1
701 1 _aКоленчин
_bН. Ф.
_gНиколай Филиппович
701 1 _aНекрасов
_bР. Ю.
_cканд. техн. наук, информ. технологии
_gРоман Юрьевич
_9139540
_3RU\NLR\AUTH\770139575
701 1 _aПутилова
_bУ. С.
_cканд. техн. наук
_gУльяна Сергеевна
_9139544
_3RU\NLR\AUTH\770139579
701 1 _8rus
_7ca
_aНекрасов
_bЮ. И.
_cд-р техн. наук, машиностроение
_gЮрий Иннокентьевич
_3RU\NLR\AUTH\776748
_9116697
801 0 _aRU
_bРГБ
_c20150518
_gRCR
801 2 _aRU
_bРГБ
_c20150519
_grcr
942 _cBOOK
980 _aNBR